| 000 | 00563nam a2200145 4500 | ||
|---|---|---|---|
| 001 | 3699 | ||
| 005 | 20181127171819.0 | ||
| 090 | 0 | 0 | _a244.43 L426p 2005 |
| 245 | 0 | 0 |
_aSuttanta Pitaka : _bPathika Vagga Pali / _cTranslated by U Ko Lay. _h |
| 260 | 0 | 0 |
_aYangon, Myanmar : _bU Tun Mya Aung, _c2005. |
| 300 | 0 | 0 | _axxvi, 387 p. ; 24 cm. |
| 500 | _a"Digha Nikaya: Collection of numerically graduated discourses" | ||
| 500 | _a"Edited by the Editorial Committee, Department for the Promotion and Propagation of the Sasana, Yangon, Myanmar" | ||
| 650 | 0 | 0 |
_aTipitaka. Suttapitaka. _x |
| 999 |
_c3022 _d3022 |
||